Sociología

Wedi'i Gadw mewn:
Manylion Llyfryddiaeth
Prif Awdur: Keller Rueff, Carlos (Awdur)
Fformat: Llyfr
Iaith:Sbaeneg
Cyhoeddwyd: Santiago Universitaria 1951
Pynciau:
Tagiau: Ychwanegu Tag
Dim Tagiau, Byddwch y cyntaf i dagio'r cofnod hwn!

MARC

LEADER 00000nam a2200000 a 4500
001 UCT6364
003 CL-VaPUC
008 970106e19510000CL |||||||||||||||||spa|d
082 0 4 |a 301  |b KEL  |2 21 
100 |a Keller Rueff, Carlos  |e author  |9 478460 
245 1 0 |a Sociología 
300 |a 2 v 
942 |c BK 
945 |d 19970106 00:00:00  |a lriquelm 
260 |a Santiago  |b Universitaria  |c 1951 
650 0 |a Sociología   |9 255410 
650 7 |a SOCIOLOGIA DE LAS CIENCIAS  |2 CL-VaPUC  |9 339405 
650 0 |a Metodología   |9 256610 
650 0 |a Sociedad  |9 307903 
650 7 |a COMPORTAMENTO  |2 CL-VaPUC  |9 376477 
650 0 |a Sociabilidad  |9 337571 
650 7 |a GRUPOS  |2 CL-VaPUC  |9 336429 
650 7 |a COMPORTAMIENTO DE GRUPO  |2 CL-VaPUC  |9 335588 
650 7 |a COMUNICACION DE GRUPO  |2 CL-VaPUC  |9 376478 
650 0 |a Civilizaciones antiguas  |9 265998 
650 0 |a Culturas latinoamericanas  |9 340316 
583 |a last modification  |c 19970106 00:00:00  |k Rodrigo Vera 
999 |c 255077  |d 255075 
952 |0 0  |1 0  |4 0  |6 301_000000000000000_KEL_1951  |7 0  |8 A  |9 277137  |a BIBDER  |b BIBDER  |d 2019-11-19  |h v.1  |i 1798812  |o 301 KEL 1951  |p 1798812  |r 2023-01-25  |w 2019-11-19  |y BK  |k DER 
952 |0 0  |1 0  |4 0  |6 301_000000000000000_KEL_1951  |7 0  |8 A  |9 277138  |a BIBDER  |b BIBDER  |d 2019-11-19  |h v.2  |i 1798820  |o 301 KEL 1951  |p 1798820  |r 2023-01-25  |w 2019-11-19  |y BK  |k DER